000 00444nab a2200145Ia 4500
003 ES-SlBCS
005 20210601125241.0
008 140529s1979 xxu||||| |||| 00| 0 eng d
041 _aeng
100 1 _aAronovitch, Hilliard
_9135267
245 0 0 _aRational Motivation
_c Hilliard Aronovitch
650 0 4 _aMotivación Racional
_9155969
773 0 _tPhilosophy and Phenomenological Research
_gvol. 40, 1979, págs. 173-193
_wRev1411
942 _cAR
999 _c527235
_d527235